History Quiz

Random History or Year Quiz

Which Happened First? (Part III) Quiz Stats

 Plays Quiz Updated Oct 19, 2016

Challenge
Share
Tweet
Embed
Score 0/20 Timer 03:00
0 Plays Today
This.. (X) % Correct
Kelly Clarkson wins American Idol.???
83%
Super Mario makes his first appearance.???
79.5%
Andrew Johnson becomes US President.???
69.5%
Samuel Colt invents the revolver.???
66.3%
The St. Louis Rams win the Super Bowl.???
65%
Tokyo celebrates the new millennium.???
64.1%
'The Girl With the Dragon Tattoo' is published.???
62.8%
Bob Dylan is inducted into the Rock and Roll Hall of Fame.???
59%
Robert Falcon Scott reaches the South Pole.???
58.4%
Spain hosts the FIFA World Cup.???
53.5%
This.. (X) % Correct
The Beatles' 'Hey Jude' becomes UK/US Number One.???
53.1%
King Stephen becomes King of England.???
51.5%
The Yuan Dynasty begins rule in China.???
49.4%
The first World Poohsticks Championship is held.???
44.7%
The fork is introduced to Europe.???
44.2%
The Battle of Agincourt.???
41.6%
The space shuttle Challenger makes its maiden flight.???
41.4%
The New York Times is first published.???
41.1%
The USA enacts universal suffrage.???
40.8%
Amazon is founded.???
39.9%

You're not logged in!

Compare scores with friends on all Sporcle quizzes.
Join for Free
OR
Log In

You Might Also Like...

Show Comments

Extras

Top Quizzes Today


Score Distribution

Your Account Isn't Verified!

In order to create a playlist on Sporcle, you need to verify the email address you used during registration. Go to your Sporcle Settings to finish the process.

Report this User

Report this user for behavior that violates our Community Guidelines.

Details: